| 000 | 00530nam a2200169Ia 4500 | ||
|---|---|---|---|
| 008 | 140609s9999 xx 000 0 und d | ||
| 020 | _a9780753708835 | ||
| 050 |
_aGV 950.7 _b.W21 2003 |
||
| 100 | _aWard, Adam. | ||
| 245 |
_aJunior football : _ba complete coaching guide for the young player / _cAdam Ward & Trevor Lewin |
||
| 260 |
_aLondon : _bBounty Books, _cc2003. |
||
| 300 |
_a128 p. : _bcol. ill. ; _c27 cm. |
||
| 500 | _aIncludes glossary and index. | ||
| 521 | _aGE | ||
| 942 |
_kFOR _cBK |
||
| 999 |
_c118173 _d118173 |
||